| 000 | 00715nam a22002057a 4500 | ||
|---|---|---|---|
| 999 |
_c9492 _d9492 |
||
| 003 | AR-CdUCM | ||
| 008 | 190328b ||||| |||| 00| 0 spa d | ||
| 040 |
_aMUNICIPALIDAD PROVINCIAL DEL CUSCO _cBIBLIOTECA MUNICIPAL DEL CUSCO |
||
| 082 |
_a858.915 / _bV52 N / 1929 |
||
| 100 |
_aVerona, Guido da, _925720 |
||
| 245 | _aEl amor que vuelve / | ||
| 260 |
_aMadrid : _bIbero americana, _c1929. |
||
| 300 |
_a356 paginas ; _c19 cm. |
||
| 505 | _aContenido : La vida que comienza mañana -- La que no se debe amar -- El amor que vuelve -- La mujer invento el amor.... | ||
| 650 |
_aNovelas europeas _925721 |
||
| 650 |
_aLiteratura española _9362 |
||
| 650 |
_aEnsayos _9375 |
||
| 942 |
_2ddc _cLIBROS |
||
| 945 | _awnts | ||